00935 2200241 4500001002100000005001700021008004100038035002500079040001200104082001500116090002000131100002200151245021500173260007300388300003000461500007900491504003000570650002400600650002000624700001900644850001200663990001800675INLIS00000000000859520150807094729.0  a0010-081500000000033 aYOPDYOG 223a297.65 aSK 297.65 Nan P aNANANG Zulkarnain aPendampingan masyarakat desa oleh KORDISKA Korps Dakwah Islamiyah UIN Sunan Kalijaga periode 2004-2005b: (Studi kasus di Dusun Kadipolo Desa Sendangtorto Kecamatan Berbah Sleman Yogyakarta)c/ Nanang Zulkarnai aYogyakartabUniversitas Islam Negeri Sunan Kalijaga Yogyakartac2005 ax, 104 lembarc; 29,5 cm. aSkripsi Fakultas Dakwah Universitas Islam Negeri Sunan Kalijaga Yogyakarta aBibliografi: hlm. 103-104 aIslam -- Organisasi aMasyarakat desa aMOH. Abu Suhud aYOPDYOG a47005-PD/A.15